[Event "Championnat de France - Open C"]
[Site "Belfort - SNPHHUATVS"]
[Date "2010.08.12"]
[Round "3.4"]
[White "Lemaire, Olivier"]
[Black "Dechy, Benjamin"]
[Result "1-0"]
[WhiteElo "1775"]
[BlackElo "1670"]
[PlyCount "137"]
[EventDate "2010.??.??"]

1. d4 f5 2. c4 Nf6 3. Nc3 g6 4. Nf3 Bg7 5. e3 d6 6. b3 O-O 7. Bb2 c6 8. Qc2 Na6
9. a3 Bd7 10. Bd3 Nc7 11. O-O Qe8 12. e4 fxe4 13. Nxe4 Nxe4 14. Bxe4 Bf5 15.
Rfe1 Qd7 16. Bxf5 Rxf5 17. Re2 Re8 18. Rae1 e6 19. Re4 d5 20. R4e2 Re7 21. a4
Ne8 22. Ba3 Nd6 23. Bxd6 Qxd6 24. c5 Qd7 25. b4 Rf8 26. Ng5 Rfe8 27. Qd3 e5 28.
dxe5 Rxe5 29. Rxe5 Rxe5 30. Rxe5 Bxe5 31. Nf3 Bf6 32. h3 Qf5 33. Qxf5 gxf5 34.
Ne1 Kf7 35. Kf1 Ke6 36. Ke2 Bc3 37. Nc2 Ke5 38. Ke3 f4+ 39. Kd3 Bb2 40. Ne1 Kf5
41. Nc2 Ke5 42. b5 h6 43. bxc6 bxc6 44. Nb4 Ke6 45. Nxc6 Kd7 46. Nb4 Ba3 47.
Nxd5 Bxc5 48. f3 Bd6 49. Ke4 Kc6 50. Nxf4 Kc5 51. Nd3+ Kc4 52. f4 Kb3 53. Kd5
Bf8 54. f5 Kxa4 55. Kc4 h5 56. Nf4 a5 57. Nxh5 Ka3 58. Kc3 Ka2 59. Kc2 a4 60.
g4 a3 61. g5 Ka1 62. g6 a2 63. f6 Bg7 64. f7 Bf8 65. Nf4 Bg7 66. Nd5 Bf8 67.
Nc3 Bg7 68. Ne2 Bb2 69. Nc1 1-0

[Event "Championnat de France - Open C"]
[Site "Belfort - SNPHHUATVS"]
[Date "2010.08.12"]
[Round "3.5"]
[White "Lagarde, Benjamin"]
[Black "Courtine, Thomas"]
[Result "1-0"]
[WhiteElo "1699"]
[BlackElo "1753"]
[PlyCount "51"]
[EventDate "2010.??.??"]

1. e4 e5 2. Nc3 Nf6 3. g3 Bc5 4. Bg2 Nc6 5. h3 O-O 6. Nge2 a6 7. O-O d6 8. g4
Nxg4 9. hxg4 Bxg4 10. Qe1 f5 11. exf5 Qh4 12. Ne4 Ba7 13. d3 Rxf5 14. N2g3 Raf8
15. Be3 Nd4 16. Nxf5 Rxf5 17. f3 Qe7 18. Rc1 Bh5 19. c3 Ne6 20. Bxa7 b6 21. Qe3
Nf4 22. Bxb6 cxb6 23. Rc2 Bf7 24. Qxb6 h5 25. Qxa6 h4 26. Qc8+ 1-0

[Event "Championnat de France - Open C"]
[Site "Belfort - SNPHHUATVS"]
[Date "2010.08.12"]
[Round "3.6"]
[White "Gautier, Marc"]
[Black "Lanz, Stephane"]
[Result "0-1"]
[WhiteElo "1697"]
[BlackElo "1750"]
[PlyCount "46"]
[EventDate "2010.??.??"]

1. e4 d6 2. d4 Nf6 3. Nc3 g6 4. f4 Bg7 5. Nf3 c5 6. dxc5 Qa5 7. Bd3 Qxc5 8. Qe2
O-O 9. Be3 Qa5 10. O-O-O Nc6 11. Qd2 Be6 12. a3 Rfc8 13. Nb5 Qd8 14. f5 Bd7 15.
fxg6 hxg6 16. h3 a6 17. Nc3 b5 18. g4 b4 19. axb4 Nxb4 20. Nd5 Nfxd5 21. exd5
Qa5 22. c4 Qa1+ 23. Bb1 Rxc4+ 0-1

[Event "Championnat de France - Open C"]
[Site "Belfort - SNPHHUATVS"]
[Date "2010.08.12"]
[Round "3.7"]
[White "Germond, Thierry"]
[Black "Genet, Xavier"]
[Result "1-0"]
[WhiteElo "1745"]
[BlackElo "1670"]
[PlyCount "81"]
[EventDate "2010.??.??"]

1. d4 d5 2. c4 e6 3. Nc3 Nf6 4. cxd5 exd5 5. Bg5 Bf5 6. Bxf6 gxf6 7. Qb3 Nc6 8.
e3 Nb4 9. Rc1 Bd3 10. a3 Bxf1 11. Kxf1 Nc6 12. Qxd5 Bd6 13. Qe4+ Qe7 14. Qxe7+
Kxe7 15. Nf3 Rhg8 16. g3 f5 17. Nb5 Rac8 18. Ke2 Na5 19. Nxa7 Ra8 20. Nb5 c6
21. Nxd6 Kxd6 22. Rc3 b5 23. Nd2 h5 24. Rhc1 Rac8 25. Rc5 Ke6 26. b4 Nb7 27.
Rxc6+ Nd6 28. Rxc8 Rxc8 29. Rxc8 Nxc8 30. Nb1 Kd5 31. Kd3 Nd6 32. f3 Kc6 33.
Nc3 Nc4 34. a4 Nb2+ 35. Kc2 Nxa4 36. Nxa4 bxa4 37. e4 fxe4 38. fxe4 Kb5 39. d5
Kxb4 40. d6 Ka3 41. d7 1-0

[Event "Championnat de France - Open C"]
[Site "Belfort - SNPHHUATVS"]
[Date "2010.08.12"]
[Round "3.8"]
[White "Wielezynski, Olivier"]
[Black "Albaric, Etienne"]
[Result "1/2-1/2"]
[WhiteElo "1686"]
[BlackElo "1735"]
[PlyCount "47"]
[EventDate "2010.??.??"]

1. e4 c5 2. Nc3 Nc6 3. g3 g6 4. Bg2 Bg7 5. Nge2 d6 6. O-O Nd4 7. f4 e6 8. Kh1
Ne7 9. Nxd4 cxd4 10. Ne2 O-O 11. d3 f5 12. c3 dxc3 13. Nxc3 e5 14. exf5 Nxf5
15. Qb3+ Kh8 16. fxe5 dxe5 17. Nd5 Nd4 18. Qd1 Bd7 19. Rxf8+ Qxf8 20. Be3 Bc6
21. Bxd4 exd4 22. Nc7 Bxg2+ 23. Kxg2 Rc8 24. Ne6 1/2-1/2

[Event "Championnat de France - Open C"]
[Site "Belfort - SNPHHUATVS"]
[Date "2010.08.12"]
[Round "3.9"]
[White "Finkel, Julie"]
[Black "Ruhant, Anthony"]
[Result "1-0"]
[WhiteElo "1665"]
[BlackElo "1729"]
[PlyCount "111"]
[EventDate "2010.??.??"]

1. e4 e5 2. Nf3 Nc6 3. d4 exd4 4. Nxd4 Bc5 5. Nxc6 Qf6 6. Qd2 Qxc6 7. Nc3 Bb4
8. Bd3 Nf6 9. O-O O-O 10. Qe1 Re8 11. Bd2 Bxc3 12. Bxc3 Nxe4 13. f3 Nf6 14. Qh4
h6 15. Rfe1 Rf8 16. Bxf6 Qxf6 17. Qxf6 gxf6 18. Re7 Rd8 19. Rae1 Kf8 20. c4 c5
21. Be4 Kxe7 22. Bxb7+ Kf8 23. Bxa8 d6 24. Bd5 a5 25. Re3 Rd7 26. Kf2 Bb7 27.
Rd3 Ke7 28. Re3+ Kf8 29. Rd3 Bxd5 30. Rxd5 Rb7 31. b3 a4 32. Rxd6 axb3 33. axb3
Rxb3 34. Rc6 Rc3 35. Rxc5 Kg7 36. Kg3 Kg6 37. h3 f5 38. Kf4 h5 39. Rc6+ f6 40.
Rc5 Rc2 41. Rc8 Rc3 42. Kg3 Rc2 43. c5 Rc4 44. f4 Rc3+ 45. Kh4 Rc2 46. g3 Rc3
47. c6 Kf7 48. c7 Kg7 49. Kxh5 Rc1 50. Kh4 Rc4 51. Kh5 Rc3 52. h4 Rc5 53. g4
fxg4+ 54. Kxg4 f5+ 55. Kg5 Kf7 56. Rh8 1-0

[Event "Championnat de France - Open C"]
[Site "Belfort - SNPHHUATVS"]
[Date "2010.08.12"]
[Round "3.10"]
[White "Faure, Alexandre"]
[Black "Philippeau, Sylvain"]
[Result "1-0"]
[WhiteElo "1724"]
[BlackElo "1650"]
[PlyCount "79"]
[EventDate "2010.??.??"]

1. e4 c5 2. c3 e6 3. d4 cxd4 4. cxd4 Nf6 5. e5 Nd5 6. Bc4 Nb6 7. Bb3 d6 8. Nf3
N8d7 9. O-O Be7 10. Nc3 O-O 11. Bc2 f5 12. Bb3 d5 13. Qc2 a6 14. Ne2 Rf7 15. a4
a5 16. Bd2 Nf8 17. Rfc1 Ng6 18. Qc7 Qxc7 19. Rxc7 Bd8 20. Rc5 Nd7 21. Rc2 b6
22. Bg5 Ba6 23. Bxd8 Rxd8 24. Ng3 Ne7 25. Ng5 Rc8 26. Nxf7 Rxc2 27. Nh6+ gxh6
28. Bxc2 Nf8 29. Rd1 Nc6 30. Bd3 Bb7 31. Bb5 Nd7 32. Rc1 Ndb8 33. Ne2 Kf7 34.
Rc3 h5 35. Nf4 Ne7 36. Nxh5 Nbc6 37. Rd3 Nb4 38. Rg3 Ng6 39. Nf6 h6 40. Be8+
1-0

[Event "Championnat de France - Open C"]
[Site "Belfort - SNPHHUATVS"]
[Date "2010.08.13"]
[Round "4.1"]
[White "Christophe-Hayot, Romain"]
[Black "Faure, Alexandre"]
[Result "1-0"]
[WhiteElo "1796"]
[BlackElo "1724"]
[PlyCount "83"]
[EventDate "2010.??.??"]

1. d4 Nf6 2. Nf3 d5 3. Bg5 e6 4. e3 Be7 5. Bd3 Nbd7 6. Nbd2 c5 7. c3 b6 8. Qb1
h6 9. Bh4 Bb7 10. O-O a6 11. Re1 O-O 12. Ne5 Nxe5 13. dxe5 Nd7 14. Bg3 c4 15.
Bc2 b5 16. Qd1 Rc8 17. Qg4 Re8 18. a3 Kh8 19. Rad1 a5 20. f4 Rg8 21. f5 Nf8 22.
Nf3 Qb6 23. Nd4 b4 24. axb4 axb4 25. fxe6 fxe6 26. Rf1 b3 27. Bb1 Bc5 28. Rf7
Rc7 29. Rdf1 Rxf7 30. Rxf7 Qa6 31. Rxf8 Rxf8 32. Qg6 Kg8 33. Bh4 Qa1 34. Qh7+
Kf7 35. h3 Bxd4 36. exd4 Ke8 37. Kh2 Rf1 38. Qg8+ Kd7 39. Qd8+ Kc6 40. Qd6+ Kb5
41. Bd8 Qa7 42. Qd7+ 1-0

[Event "Championnat de France - Open C"]
[Site "Belfort - SNPHHUATVS"]
[Date "2010.08.13"]
[Round "4.2"]
[White "Abdou Issaka, Boubacar"]
[Black "Laigneau, Arthur"]
[Result "1-0"]
[WhiteElo "1781"]
[BlackElo "1707"]
[PlyCount "73"]
[EventDate "2010.??.??"]

1. e4 e5 2. Nf3 Nf6 3. Bc4 Nxe4 4. Qe2 d5 5. Nxe5 Bd6 6. Nxf7 Qe7 7. Bxd5 Rf8
8. Nxd6+ Nxd6 9. Qxe7+ Kxe7 10. O-O c6 11. Bb3 Bf5 12. Nc3 Nd7 13. Re1+ Kd8 14.
d3 h6 15. Bf4 Nc8 16. Bg3 Ne7 17. Bd6 Ng6 18. Bxf8 Ndxf8 19. Ne4 Kc7 20. Ng3
Bd7 21. Re3 Rd8 22. Nh5 Nh7 23. Nxg7 Rf8 24. Ne6+ Bxe6 25. Rxe6 Rf6 26. Rae1
Ngf8 27. Rxf6 Nxf6 28. Re7+ N8d7 29. Be6 Kd6 30. Rxd7+ Nxd7 31. Bxd7 Kxd7 32.
f4 Ke6 33. g4 b5 34. h4 Kf6 35. g5+ hxg5 36. fxg5+ Kf5 37. Kf2 1-0

[Event "Championnat de France - Open C"]
[Site "Belfort - SNPHHUATVS"]
[Date "2010.08.13"]
[Round "4.3"]
[White "Dautheville, Simon"]
[Black "Lemaire, Olivier"]
[Result "0-1"]
[WhiteElo "1704"]
[BlackElo "1775"]
[PlyCount "58"]
[EventDate "2010.??.??"]

1. d4 d5 2. c4 c6 3. Nc3 Nf6 4. Nf3 Bg4 5. Ne5 e6 6. Bg5 Bf5 7. Qb3 Qb6 8. c5
Qc7 9. e3 Nbd7 10. Be2 Nxe5 11. dxe5 Nd7 12. Na4 Nxc5 13. Nxc5 Bxc5 14. Qc3 Qb6
15. O-O h6 16. Bh4 d4 17. exd4 Bxd4 18. Qc4 Bxe5 19. Bd3 Bxd3 20. Qxd3 Qd4 21.
Qe2 Bxh2+ 22. Kxh2 Qxh4+ 23. Kg1 O-O 24. Rac1 Rfd8 25. Rc4 Qf6 26. Rb4 Rd7 27.
a3 Rad8 28. Qe3 b6 29. Rf4 Qxb2 0-1

[Event "Championnat de France - Open C"]
[Site "Belfort - SNPHHUATVS"]
[Date "2010.08.13"]
[Round "4.4"]
[White "Lanz, Stephane"]
[Black "Lagarde, Benjamin"]
[Result "1-0"]
[WhiteElo "1750"]
[BlackElo "1699"]
[PlyCount "91"]
[EventDate "2010.??.??"]

1. e4 g6 2. d4 Bg7 3. Nc3 d6 4. Be3 Nd7 5. Qd2 a6 6. Bc4 b5 7. Bb3 Bb7 8. a3 c5
9. Nge2 c4 10. Ba2 Ngf6 11. f3 O-O 12. Bh6 Bxh6 13. Qxh6 e5 14. O-O exd4 15.
Nxd4 Qb6 16. Nce2 d5 17. exd5 Bxd5 18. Kh1 Rae8 19. c3 Nc5 20. Ng3 Be6 21. Rad1
Nd5 22. Bb1 Nd3 23. Bxd3 cxd3 24. Rxd3 Ne7 25. Ne4 f6 26. Re1 Nf5 27. Nxf5 Bxf5
28. Rde3 Rd8 29. Ng5 Qa7 30. h3 Qg7 31. Qxg7+ Kxg7 32. Re7+ Kg8 33. Ne6 Bxe6
34. R1xe6 a5 35. Rb6 b4 36. axb4 axb4 37. Rxb4 Rf7 38. Rbb7 Rxe7 39. Rxe7 h5
40. Rb7 f5 41. Kh2 g5 42. Rb5 Rf8 43. h4 g4 44. fxg4 hxg4 45. Kg3 Kg7 46. Kf4
1-0

[Event "Championnat de France - Open C"]
[Site "Belfort - SNPHHUATVS"]
[Date "2010.08.13"]
[Round "4.5"]
[White "Germond, Thierry"]
[Black "Finkel, Julie"]
[Result "1/2-1/2"]
[WhiteElo "1745"]
[BlackElo "1665"]
[PlyCount "116"]
[EventDate "2010.??.??"]

1. d4 g6 2. c4 Bg7 3. Nc3 d6 4. e4 Nd7 5. f4 e5 6. Nf3 exd4 7. Nxd4 Ngf6 8. Be2
Nc5 9. Bf3 a5 10. O-O O-O 11. Ndb5 Qe7 12. Re1 Rd8 13. Qe2 c6 14. Na3 Re8 15.
Bd2 Ncxe4 16. Nxe4 Nxe4 17. Qxe4 Qxe4 18. Rxe4 Rxe4 19. Bxe4 Bxb2 20. Nc2 Bxa1
21. Nxa1 Be6 22. Bd3 b5 23. cxb5 cxb5 24. Bxb5 Bxa2 25. Nc2 d5 26. Na3 a4 27.
Kf2 Bc4 28. Bc6 Ra6 29. Bd7 Ra7 30. Bc6 Ra6 31. Bd7 Rd6 32. Bxa4 Ra6 33. Nxc4
Rxa4 34. Nb2 Ra3 35. Ke2 d4 36. Nd3 Ra2 37. Ne5 f6 38. Nf3 Ra4 39. Kd3 Ra1 40.
Kxd4 Rd1 41. Ke3 Rb1 42. f5 gxf5 43. Nd4 Rg1 44. g3 Rg2 45. Nf3 Kf7 46. Kf4 Ke6
47. h3 h5 48. Be3 Kd5 49. Nd4 Rh2 50. h4 Rh1 51. Kxf5 Rf1+ 52. Bf4 Kxd4 53.
Kxf6 Rb1 54. Kg6 Rb5 55. Bg5 Ke4 56. Kxh5 Kf3 57. g4 Rd5 58. Kg6 Kxg4 1/2-1/2

[Event "Championnat de France - Open C"]
[Site "Belfort - SNPHHUATVS"]
[Date "2010.08.13"]
[Round "4.6"]
[White "Hocher, Eugene"]
[Black "Gautier, Selvan"]
[Result "1-0"]
[WhiteElo "1782"]
[BlackElo "1626"]
[PlyCount "95"]
[EventDate "2010.??.??"]

1. d4 Nf6 2. Nf3 c5 3. c3 d5 4. Ne5 Nc6 5. Qa4 Bd7 6. Nxd7 Qxd7 7. dxc5 Ne4 8.
b4 d4 9. Bb2 dxc3 10. Bxc3 Nxc3 11. Nxc3 Qd4 12. Rc1 Qxb4 13. Qxb4 Nxb4 14. a3
Nc6 15. e3 O-O-O 16. Be2 e6 17. Na4 Be7 18. O-O Rd2 19. Bf3 Kc7 20. Rb1 Rd3 21.
Ra1 Rb3 22. Rfc1 Rd8 23. Bd1 Rbd3 24. Nb2 R3d5 25. Na4 Bf6 26. Rab1 Rd3 27. Bb3
Na5 28. Bd1 Rxa3 29. c6 Nxc6 30. Nc5 b6 31. Ne4 Rad3 32. Ba4 R8d6 33. Nxd6 Rxd6
34. Rc2 Kb7 35. Rbc1 Nd8 36. Bb5 Nc6 37. Bxc6+ Kb8 38. Bf3 Rd8 39. Rc7 Rd5 40.
Rc8+ Kb7 41. R8c7+ Ka6 42. Be2+ b5 43. R1c6+ Ka5 44. Rxa7+ Kb4 45. Rb7 Bb2 46.
Rcb6 Rd2 47. Rxb5+ Kc3 48. Rc7# 1-0

[Event "Championnat de France - Open C"]
[Site "Belfort - SNPHHUATVS"]
[Date "2010.08.13"]
[Round "4.7"]
[White "Phelippot, Geoffrey"]
[Black "Gonzalez, Loic"]
[Result "0-1"]
[WhiteElo "1698"]
[BlackElo "1777"]
[PlyCount "66"]
[EventDate "2010.??.??"]

1. b3 d5 2. Bb2 Nf6 3. e3 c5 4. Nf3 Bg4 5. Be2 Nc6 6. O-O Bxf3 7. Bxf3 e5 8. g3
h5 9. h3 Bd6 10. Nc3 e4 11. Bg2 h4 12. Ne2 hxg3 13. fxg3 Nh5 14. Qe1 Qg5 15.
Kh2 Ne5 16. Bxe5 Bxe5 17. Rb1 Rh6 18. Qf2 O-O-O 19. Qf5+ Qxf5 20. Rxf5 Bc7 21.
Rg5 f6 22. Rf5 g5 23. Bf1 Ng7 24. Rf2 Rdh8 25. h4 gxh4 26. Bh3+ Kd8 27. Kg1
hxg3 28. Rg2 Rxh3 29. Kf1 Rh1+ 30. Ng1 Nf5 31. Re2 Nh4 32. Ree1 Nf3 33. Ke2
R8h2+ 0-1

[Event "Championnat de France - Open C"]
[Site "Belfort - SNPHHUATVS"]
[Date "2010.08.13"]
[Round "4.8"]
[White "Theodore, Simon"]
[Black "Wielezynski, Olivier"]
[Result "1-0"]
[WhiteElo "1768"]
[BlackElo "1686"]
[PlyCount "65"]
[EventDate "2010.??.??"]

1. c4 b5 2. cxb5 a6 3. bxa6 c5 4. g3 g6 5. Bg2 Rxa6 6. Nf3 Bg7 7. O-O Nc6 8. d3
Nf6 9. Nc3 O-O 10. d4 cxd4 11. Nxd4 Bb7 12. Nxc6 Bxc6 13. e4 Qb8 14. Qe2 Ra8
15. e5 Bxg2 16. Kxg2 Ne8 17. Bf4 d6 18. exd6 Qb7+ 19. Qf3 Nxd6 20. Qxb7 Nxb7
21. Rfe1 Bxc3 22. bxc3 Rfe8 23. c4 Na5 24. c5 Nc6 25. Red1 Ra3 26. Rd7 Rea8 27.
Bh6 f6 28. Rc7 R3a6 29. a4 Kf7 30. Rb1 g5 31. Rb6 Rxa4 32. Rbxc6 Kg6 33. Rxe7
1-0

[Event "Championnat de France - Open C"]
[Site "Belfort - SNPHHUATVS"]
[Date "2010.08.13"]
[Round "4.9"]
[White "Scherrer, Gilles"]
[Black "Robion, Jean-Claude"]
[Result "1-0"]
[WhiteElo "1683"]
[BlackElo "1739"]
[PlyCount "30"]
[EventDate "2010.??.??"]

1. e4 e5 2. Nf3 Nc6 3. Bc4 Nf6 4. Ng5 d5 5. exd5 Nd4 6. c3 b5 7. Bf1 Nxd5 8.
cxd4 Qxg5 9. Bxb5+ Kd8 10. O-O Bb7 11. Qf3 Rb8 12. d3 Nf4 13. Bxf4 exf4 14. Qh3
Qxb5 15. Nc3 Qxd3 1-0

[Event "Championnat de France - Open C"]
[Site "Belfort - SNPHHUATVS"]
[Date "2010.08.13"]
[Round "4.10"]
[White "Albaric, Etienne"]
[Black "Dion, Virgile"]
[Result "1/2-1/2"]
[WhiteElo "1735"]
[BlackElo "1670"]
[PlyCount "54"]
[EventDate "2010.??.??"]

1. e4 c5 2. Nf3 Nc6 3. d4 cxd4 4. Nxd4 Nf6 5. Nc3 e5 6. Ndb5 d6 7. Bg5 a6 8.
Bxf6 gxf6 9. Na3 b5 10. Nd5 Bg7 11. c3 Be6 12. Nc2 f5 13. exf5 Bxf5 14. Nce3
Be6 15. g3 Rc8 16. Bg2 O-O 17. Qd2 f5 18. f4 e4 19. O-O Ne7 20. Rfe1 Nxd5 21.
Nxd5 Rc5 22. Ne3 Qb6 23. Kh1 Rd8 24. Rad1 a5 25. a3 Bb3 26. Rc1 Be6 27. Rcd1
Bb3 1/2-1/2

[Event "Championnat de France - Open C"]
[Site "Belfort - SNPHHUATVS"]
[Date "2010.08.14"]
[Round "5.1"]
[White "Lemaire, Olivier"]
[Black "Christophe-Hayot, Romain"]
[Result "1/2-1/2"]
[WhiteElo "1775"]
[BlackElo "1796"]
[PlyCount "111"]
[EventDate "2010.??.??"]

1. d4 d5 2. Bf4 Nf6 3. e3 c5 4. c3 Nc6 5. Bd3 Bg4 6. Nf3 Qb6 7. Qc1 Bxf3 8.
gxf3 e6 9. Nd2 Rc8 10. Qb1 cxd4 11. exd4 g6 12. O-O Bg7 13. b4 O-O 14. a4 Ne7
15. Qb2 Nh5 16. Bg3 Nxg3 17. hxg3 Rc7 18. f4 Rfc8 19. Rac1 Qd6 20. Nf3 Bf6 21.
Rc2 Qd7 22. Rfc1 Kg7 23. a5 Rd8 24. b5 b6 25. axb6 axb6 26. Ra1 Rdc8 27. Qb4
Ra7 28. Rca2 Rca8 29. Ra6 Nc8 30. Ne1 Be7 31. Qb3 Nd6 32. Nc2 Rxa6 33. Rxa6
Rxa6 34. bxa6 Nc8 35. Bb5 Qc7 36. Ne3 Na7 37. c4 dxc4 38. Qxc4 Qxc4 39. Bxc4
Bf6 40. Nc2 Kf8 41. Na3 b5 42. Nxb5 Nxb5 43. Bxb5 Bxd4 44. Bc6 Ke7 45. Kf1 f6
46. Ke2 Kd6 47. Bb7 e5 48. fxe5+ fxe5 49. f3 h5 50. Be4 g5 51. Bg6 h4 52. gxh4
gxh4 53. Kf1 Ke6 54. Kg2 Kf6 55. Be4 Kg5 56. Kh3 1/2-1/2

[Event "Championnat de France - Open C"]
[Site "Belfort - SNPHHUATVS"]
[Date "2010.08.14"]
[Round "5.2"]
[White "Lanz, Stephane"]
[Black "Abdou Issaka, Boubacar"]
[Result "1-0"]
[WhiteElo "1750"]
[BlackElo "1781"]
[PlyCount "95"]
[EventDate "2010.??.??"]

1. e4 c5 2. c3 Nf6 3. e5 Nd5 4. d4 cxd4 5. Bc4 e6 6. Bxd5 exd5 7. Qxd4 Qa5 8.
b4 Qb5 9. Na3 Qc6 10. Nf3 Be7 11. O-O O-O 12. Rd1 Na6 13. b5 Qg6 14. bxa6 d6
15. axb7 Bxb7 16. Nb5 dxe5 17. Nxe5 Qh5 18. Bf4 a6 19. Nc7 Rac8 20. Nxd5 Bxd5
21. Qxd5 Rcd8 22. Qf3 Qf5 23. Nc6 Rxd1+ 24. Rxd1 Bf6 25. Be5 Qxf3 26. gxf3 Bh4
27. Rd4 Bg5 28. f4 Bh6 29. Ne7+ Kh8 30. Nf5 f6 31. Bd6 Rc8 32. Nxh6 gxh6 33.
Bb4 Kg7 34. Kg2 Kg6 35. Kf3 Rc6 36. a4 Rc8 37. a5 h5 38. Rd6 Kf5 39. Rxa6 Rc4
40. Kg3 Rxf4 41. Rxf6+ Kg5 42. Rxf4 h4+ 43. Kf3 h6 44. Be7+ Kh5 45. Rf5+ Kg6
46. Kf4 h3 47. Rf6+ Kh5 48. Bf8 1-0

[Event "Championnat de France - Open C"]
[Site "Belfort - SNPHHUATVS"]
[Date "2010.08.14"]
[Round "5.3"]
[White "Bandet, Raphael"]
[Black "Hocher, Eugene"]
[Result "1-0"]
[WhiteElo "1717"]
[BlackElo "1782"]
[Annotator "Rivier,Sylvain"]
[PlyCount "76"]
[EventDate "2010.??.??"]

1. e4 e6 2. d4 d5 3. exd5 exd5 4. c4 Nf6 5. Nc3 Be7 6. Nf3 O-O 7. cxd5 Nxd5 8.
h3 Bb4 9. Bd2 c6 10. Be2 Qa5 11. Nxd5 Bxd2+ 12. Qxd2 Qxd5 13. O-O Nd7 14. Rfe1
Nf6 15. Bd3 Qd6 16. Be4 Be6 17. Ng5 Rfe8 18. Rac1 Bd7 19. a3 h6 20. Nf3 Be6 21.
Nh4 Rad8 22. Red1 Bb3 23. Nf5 Qf8 24. Re1 Rxe4 25. Rxe4 Be6 26. Qf4 Rd5 27.
Nxh6+ gxh6 28. Qxf6 Rxd4 29. Re3 Rd5 30. Rg3+ Rg5 31. Rxg5+ hxg5 32. Qxg5+ Qg7
33. Qd8+ Qf8 34. Qxf8+ Kxf8 35. Kf1 Kg7 36. Ke2 Bd5 37. g3 a5 38. Ke3 b6 {
suite illisible} 1-0

[Event "Championnat de France - Open C"]
[Site "Belfort - SNPHHUATVS"]
[Date "2010.08.14"]
[Round "5.4"]
[White "Gonzalez, Loic"]
[Black "Miralles, Loic"]
[Result "1/2-1/2"]
[WhiteElo "1777"]
[BlackElo "1557"]
[PlyCount "117"]
[EventDate "2010.??.??"]

1. d4 f5 2. e4 fxe4 3. Nc3 Nf6 4. Bg5 d5 5. Bxf6 exf6 6. Qh5+ g6 7. Qxd5 Qxd5
8. Nxd5 Kd8 9. Nxf6 Bf5 10. Ne2 Bg7 11. g4 Bxf6 12. gxf5 gxf5 13. Bh3 Bh4 14.
Ng3 e3 15. fxe3 Rf8 16. O-O Rg8 17. Rf3 Nc6 18. Bxf5 Rg7 19. Bxh7 Ke7 20. Bd3
Rag8 21. Kg2 Nb4 22. Rg1 Rh8 23. Kh1 Bxg3 24. Rfxg3 Rxg3 25. Rxg3 Nxa2 26. c3
Nc1 27. Bc4 b5 28. Rg1 bxc4 29. Rxc1 Rb8 30. Rc2 Kd7 31. h4 Re8 32. Rh2 Rxe3
33. h5 Re8 34. h6 Rh8 35. Rh5 a6 36. Kg2 a5 37. Kf3 Ke7 38. h7 Kf6 39. Ke4 Ke6
40. Rh6+ Ke7 41. Kd5 Kd7 42. Kxc4 c6 43. Kb3 Kc7 44. Ka4 Kb6 45. d5 Kc5 46.
dxc6 Kb6 47. b4 axb4 48. cxb4 Kc7 49. b5 Kb6 50. Kb4 Rxh7 51. c7+ Rxh6 52. c8=Q
Rh4+ 53. Kc3 Kxb5 54. Qb7+ Ka5 55. Qa8+ Kb5 56. Qb8+ Ka6 57. Qg3 Rh8 58. Kb4
Rb8+ 59. Qxb8 1/2-1/2

[Event "Championnat de France - Open C"]
[Site "Belfort - SNPHHUATVS"]
[Date "2010.08.14"]
[Round "5.5"]
[White "Finkel, Julie"]
[Black "Theodore, Simon"]
[Result "1/2-1/2"]
[WhiteElo "1665"]
[BlackElo "1768"]
[PlyCount "60"]
[EventDate "2010.??.??"]

1. e4 c5 2. Nc3 Nc6 3. f4 g6 4. Nf3 Bg7 5. Bb5 e6 6. d3 Nge7 7. O-O O-O 8. Qe1
d5 9. Qh4 a6 10. Bxc6 Nxc6 11. Qh3 Nd4 12. Rf2 Nxf3+ 13. gxf3 Bd4 14. Qh6 Bxf2+
15. Kxf2 d4 16. Ne2 Qf6 17. f5 exf5 18. Bg5 Qg7 19. Qh4 h5 20. Bf6 Qh6 21. Bg5
Qg7 22. Bf6 Qh6 23. Nf4 fxe4 24. dxe4 Be6 25. Rg1 d3 26. cxd3 Rfc8 27. Bg5 Qg7
28. Bf6 Qh6 29. Bg5 Qg7 30. Bf6 Qh6 1/2-1/2

[Event "Championnat de France - Open C"]
[Site "Belfort - SNPHHUATVS"]
[Date "2010.08.14"]
[Round "5.6"]
[White "Kaser, Simon"]
[Black "Germond, Thierry"]
[Result "0-1"]
[WhiteElo "1667"]
[BlackElo "1745"]
[PlyCount "120"]
[EventDate "2010.??.??"]

1. d4 Nf6 2. c4 e6 3. Nf3 b6 4. Nc3 Bb4 5. Qb3 a5 6. a3 a4 7. Qc2 Bxc3+ 8. bxc3
Bb7 9. Bg5 h6 10. Bh4 d6 11. e3 g5 12. Bg3 Ne4 13. Nd2 Nxd2 14. Qxd2 Nc6 15.
Qc2 Qd7 16. d5 Ne7 17. e4 e5 18. f3 Ng6 19. Bf2 Kf8 20. Rb1 Bc8 21. c5 bxc5 22.
Bb5 Qe7 23. Bc6 Ra6 24. Rb8 Kg7 25. Rxc8 Rxc8 26. Bb7 Rca8 27. O-O R8a7 28.
Bxa6 Rxa6 29. Rb1 Qd7 30. c4 Ne7 31. g4 Nc8 32. h4 f6 33. h5 Nb6 34. Kf1 Qc8
35. Be3 Qb8 36. Kf2 Ra7 37. Rb5 Qa8 38. Bd2 Kf7 39. Ke2 Ke7 40. Kd3 Ra6 41. Qc3
Kd7 42. Ra5 Rxa5 43. Qxa5 Qxa5 44. Bxa5 Kc8 45. Kc3 Kb7 46. Kd3 Ka6 47. Bd2 Nd7
48. Ke3 Kb6 49. Kd3 Nb8 50. Kc3 c6 51. Kd3 Kc7 52. Kc3 Nd7 53. Kd3 Kb7 54. Kc3
Nb6 55. Kd3 Nc8 56. Kc3 Ne7 57. Kd3 cxd5 58. exd5 f5 59. gxf5 Nxf5 60. Bc1 Kc7
0-1

[Event "Championnat de France - Open C"]
[Site "Belfort - SNPHHUATVS"]
[Date "2010.08.14"]
[Round "5.7"]
[White "Moutarlier, Vincent"]
[Black "Scherrer, Gilles"]
[Result "1-0"]
[WhiteElo "1769"]
[BlackElo "1683"]
[PlyCount "51"]
[EventDate "2010.??.??"]

1. e4 c5 2. Nf3 d6 3. d4 cxd4 4. Nxd4 Nf6 5. Nc3 g6 6. Be3 Bg7 7. Qd2 Nc6 8.
Be2 O-O 9. O-O-O Ng4 10. Bxg4 Bxg4 11. f3 Bd7 12. h4 Ne5 13. Nb3 Nc4 14. Qf2
Nxe3 15. Qxe3 Qc7 16. Nd5 Qd8 17. h5 Be6 18. hxg6 fxg6 19. Qg5 Rf7 20. Kb1 Bxd5
21. Qxd5 Qc7 22. Rxh7 Rc8 23. c3 Qb6 24. Rdh1 Qc6 25. Qe6 Qc4 26. Qxg6 1-0

[Event "Championnat de France - Open C"]
[Site "Belfort - SNPHHUATVS"]
[Date "2010.08.14"]
[Round "5.8"]
[White "Lagarde, Benjamin"]
[Black "Le Bail, Stephane"]
[Result "1-0"]
[WhiteElo "1699"]
[BlackElo "1770"]
[PlyCount "99"]
[EventDate "2010.??.??"]

1. e4 e5 2. Nc3 Nf6 3. g3 Be7 4. Bg2 Nc6 5. Nge2 d6 6. O-O O-O 7. d3 Bg4 8. h3
Be6 9. f4 Qc8 10. f5 Bd7 11. g4 h6 12. Ng3 Nh7 13. Nd5 Bg5 14. Bxg5 hxg5 15. f6
g6 16. c3 Be6 17. Qd2 Qd8 18. Rf2 Bxd5 19. exd5 Nb8 20. Ne4 Nd7 21. Raf1 c6 22.
c4 cxd5 23. cxd5 Qb6 24. Kh1 Qd8 25. h4 Ndxf6 26. Nxf6+ Nxf6 27. Rxf6 Kg7 28.
Qxg5 Qc7 29. h5 Rac8 30. Be4 Qd8 31. Rxf7+ Rxf7 32. Qxg6+ Kh8 33. Rxf7 Qh4+ 34.
Kg1 Qg3+ 35. Bg2 Rc1+ 36. Rf1 Rxf1+ 37. Kxf1 Qf4+ 38. Ke2 Qb4 39. Qe8+ Kg7 40.
h6+ Kxh6 41. Qf8+ Kg6 42. Be4+ Kg5 43. Qf5+ Kh4 44. g5 Kg3 45. b3 Qc3 46. Qf1
Kg4 47. Qg2+ Kf4 48. Qf3+ Kxg5 49. Qg3+ Kh5 50. Kf3 1-0

[Event "Championnat de France - Open C"]
[Site "Belfort - SNPHHUATVS"]
[Date "2010.08.14"]
[Round "5.9"]
[White "Gautier, Marc"]
[Black "Stojanovic, Vojislav"]
[Result "0-1"]
[WhiteElo "1697"]
[BlackElo "1770"]
[PlyCount "102"]
[EventDate "2010.??.??"]

1. e4 c6 2. d4 d5 3. exd5 cxd5 4. Bd3 Nf6 5. c3 Bg4 6. Nf3 a6 7. O-O e6 8. Re1
Bd6 9. Nbd2 Nbd7 10. Qb3 Qc7 11. h3 Bh5 12. Qc2 O-O 13. Ng5 Bg6 14. Bxg6 hxg6
15. Nf1 Bf4 16. Nf3 Ne4 17. Bxf4 Qxf4 18. Re2 Rac8 19. N1d2 Ndf6 20. a4 b5 21.
Qb3 Qd6 22. axb5 Rb8 23. Rxa6 Qxa6 24. bxa6 Rxb3 25. Nxb3 Ra8 26. Nc5 Nxc5 27.
dxc5 Ne4 28. b4 Rxa6 29. Rc2 Kf8 30. Kf1 Ra3 31. c4 Nc3 32. cxd5 exd5 33. Ne1
d4 34. Nd3 Ke8 35. f3 f6 36. Ke1 Kd7 37. Kd2 Kc6 38. Rb2 Nb5 39. Kc2 g5 40. Rb3
Ra2+ 41. Rb2 Ra1 42. Rb1 Na3+ 43. Kb2 Rxb1+ 44. Kxa3 Rd1 45. b5+ Kb7 46. Nb2
Rc1 47. Na4 d3 48. c6+ Kb8 49. Nb2 d2 50. Kb3 Rb1 51. Kc2 Rxb2+ 0-1